LEADER 01077nam a2200265 i 4500 001 000000052159 003 CaOOAMICUS 005 20110428000000.0 008 110428s1933 xx u000 u fre u 013 $a23331 040 $aSeMil$bita 100 1 $aGaxotte, Pierre.$0(OLS)http://semarc/name/25764 245 13$aLe siècle de Louis 15. /$cPierre Gaxotte. 260 $aParis :$bFayard,$c1933. 300 $a477 p. ;$c19 cm. 490 0 $aLes grands études historiques 500 $aDono di mons. Antonio Rimoldi. 600 04$aLuigi XV : di Borbone .$0(OLS)http://semarc/subject/10770 650 4$aFrancia - Storia - Sec. 18.$0(OLS)http://semarc/subject/1089 830 4$aLes grands études historiques.$0(OLS)http://semarc/title/22203 850 $aSeMil 852 $aSeMil$W1$xVenegono$y1$m3V I 368$j18314$B18314$CSeMilBibl$Z2$F18315 $81 961 $aOmaggio: Rimoldi mons. Antonio 996 $6245$aLe siècle de Louis 15.$9(OLS)http://semarc/title/79995 996 $6260$aParis :$bFayard$9(OLS)http://semarc/publisher/29821 LEADER 01282nam a2200289 i 4500 001 000000112515 003 CaOOAMICUS 005 20030220000000.0 008 030220s1992 it u000 u ita u 013 $a85199 020 $a88-215-2453-1 040 $aSeMil$bita 100 1 $aRomano, Giuseppe,$d<1959- >.$0(OLS)http://semarc/name/33407 245 10$aJosemaría Escrivá :$bIl Vangelo nel lavoro /$cGiuseppe Romano, José Luis Olaizola. 260 $aCinisello Balsamo (Milano) :$bPaoline,$c1992. 300 $a351 p., [8] p. di tav. ;$c23 cm. 490 0 $aI protagonisti ;$v12 500 $aIl complemento del titolo precede il titolo. 600 14$aEscrivá de Balaguer, Josemaría .$0(OLS)http://semarc/subject/12727 700 1 $aOlaizola, José Luis.$0(OLS)http://semarc/name/47115 830 2$aI protagonisti ;$v12.$0(OLS)http://semarc/title/5908 850 $aSeMil 852 $aSeMil$W1$xVenegono$y1$m3H IV 249$j68259$B68259$CSeMilBibl$Z2$F75776 $81 961 $aLascito: Ravasi Carlo 996 $6020$a88-215-2453-1$9(OLS)http://semarc/number/95114 996 $6245$aJosemaría Escrivá :$bIl Vangelo nel lavoro$9(OLS)http://semarc/title/164059 996 $6260$aCinisello Balsamo (Milano) :$bPaoline$9(OLS)http://semarc/publisher/31197